000 00743nam a2200253Ia 4500
003 OSt
005 20220926010406.0
006 a|||||r|||| 00| 0
007 ta
008 220923b |||||||| |||| 00| 0 eng d
020 _a0852268483
037 _cGeneral Book
040 _aRTL
_cRTL
_beng
041 _2eng
_aeng
082 _aY5923:3(Q:458).211.N7, L4
100 _aSubramaniam K
_9312265
245 0 _aBrhamin priest of Tamil Nadu
260 _a New Delhi
_bWiley Eastern
_c1974
300 _av, 183p P.179
_ccm.
500 _aBibiliography P 161-67; Glossary P 168-77
650 _aBrhamin
_9245354
942 _hY5923:3(Q:458).211.N7, L4
_cGB
_2CC
999 _c617173
_d617173